ბათუმის შოთა რუსთაველის სახელმწიფო უნივერსიტეტის ბიბლიოთეკა

წვიმის უწყებანი : (ბიბ.ჩანაწერი № 55683)

000 -ლიდერი
ფიქსირებული სიგრძის საკონტროლო ველი 01570nam a2200253Ia 4500
001 - საკონტროლო ნომერი
საკონტროლო ველი 22778
003 - საკონტროლო ნომრის იდენტიფიკატორი
საკონტროლო ველი GE_BSU
005 - ბოლო ოპერაციის თარიღი და დრო
საკონტროლო ველი 20230519105127.0
008 - ფიქსირებული სიგრძის მონაცემთა ელემენტები - ზოგადი ინფორმაცია
ფიქსირებული სიგრძის საკონტროლო ველი 181216s ||||ge |||||||||||||| ||geo||
020 ## - წიგნის საერთაშორისო სტანდარტული ნომერი
International Standard Book Number 9789941229718
040 ## - კატალოგიზაციის წყარო
Transcribing agency GE_BSU
041 ## - ენის კოდი
Language code of text/sound track or separate title geo
080 ## - უნივერსალური ათობითი კლასიფიკაციის ინდექსი
Universal Decimal Classification number 821.112.2-1 ა-38
100 ## - მთავარი ჩანაწერი - პიროვნების სახელი
Personal name აიხი, გიუნტერ
9 (RLIN) 18133
245 ## - ცნობა სათაურის შესახებ
Title წვიმის უწყებანი :
Remainder of title ლექსები /
Statement of responsibility, etc გიუნტერ აიხი ; გერმანულიდან თარგმნა დათო ბარბაქაძემ.
264 ## - წარმოების, გამოცემის, დისტრიბუციის და სხვა ცნობები
გამოცემის, წარმოების, დისტრიბუციის... ადგილი თბილისი :
გამოცემის, წარმოების, დისტრიბუციის... სახელწოდება უნივერსალი,
გამოცემის, წარმოების, დისტრიბუციის... თარიღი 2017.
300 ## - ფიზიკური აღწერა
Extent 110 გვ. ;
Dimensions 14 სმ.
500 ## - ზოგადი შენიშვნა
General note გამოცემა წარმოადგენს 2015 წელს განხორციელებული ორეგზემპლარიანი კერძო გამოცემის მცირეფორმატიან, უცვლელ გამეორებას
520 ## - SUMMARY, ETC.
Summary, etc გამოცემა წარმოადგენს 2015 წელს განხორციელებული ორეგზემპლარიანი კერძო გამოცემის მცირეფორმატიან, უცვლელ გამეორებას.
653 ## - INDEX TERM--UNCONTROLLED
Uncontrolled term წვიმის უწყებანი : ლექსები
700 ## - ADDED ENTRY--PERSONAL NAME
Personal name ბარბაქაძე, დათო
Relator term მთარგმნელი
9 (RLIN) 18134
942 ## - ADDED ENTRY ELEMENTS (KOHA)
Koha item type წიგნი
Source of classification or shelving scheme
ეგზემპლარები
ჩამოწერის სტატუსი დაკარგული ეგზემპლარის სტატუსი კლასიფიკაციის წყარო ან თაროზე გაწყობის სქემა დაზიანების სტატუსი არ გაიცემა მუდმივი მდებარეობა (დაცვის ადგილი) ამჟამინდელი ადგილსამყოფელი თაროზე განთავსების ადგილი შეძენის თარიღი ღირებულება, შესყიდვის ნორმალური ფასი სრული შენახვის შიფრი შტრიხკოდი ბოლო ოპერაციის თარიღი ეგზემპლარის მიმდევრობითი ნომერი (კეტერი?) ფასის ძალაში შესვლის თარიღი ეგზემპლარის სახეობა საჯარო შენიშვნა
          ბათუმის შოთა რუსთაველის სახელმწიფო უნივერსიტეტის მთავარი ბიბლიოთეკა ბათუმის შოთა რუსთაველის სახელმწიფო უნივერსიტეტის მთავარი ბიბლიოთეკა წიგნსაცავი 2018-12-17 2.00 821.112.2-1 ა-38 58256 2018-12-17 58256 2018-12-17 წიგნი 2.00 ₾.